Mammalian species
| Previous Title: | Mammalian species |
|---|---|
| Corporate Author: | |
| Format: | Electronic Serial |
| Language: | English |
| Published: |
[New York] :
American Society of Mammalogists,
1969-
Lawrence, KS : American Society of Mammalogists [Cary, NC] : Oxford University Press |
| Subjects: | |
| Online Access: | Full text available from Research Library: 07/13/2004 to 12/20/2005 Full text available from Research Library: 01/01/2006 to 12/31/2015 Full text available from Research Library: 01/01/2017 to 1 year ago |
MARC
| LEADER | 00000nas a2200000 a 4500 | ||
|---|---|---|---|
| 001 | ssj0016215 | ||
| 003 | WaSeSS | ||
| 005 | 20200512172242.0 | ||
| 006 | m d | ||
| 007 | cr n | ||
| 008 | 010306c19699999ncu x mss 0 a0eng c | ||
| 010 | |a 2003215241 | ||
| 015 | |a GBB666203 |2 bnb | ||
| 016 | 7 | |a 026986574 |2 DE-101 | |
| 016 | 7 | |a 2174980-2 |2 DE-600 | |
| 016 | 7 | |a 017751601 |2 Uk | |
| 022 | |a 1545-1410 |l 0076-3519 |y 0076-3519 | ||
| 035 | |a (WaSeSS)ssj0016215 | ||
| 037 | |b American Society of Mammologists, 810 E. 10th St., Lawrence, KS 66044 | ||
| 040 | |a BIK |b eng |e pn |c BIK |d OCLCQ |d WCM |d NSD |d OCLCQ |d DLC |d OCLCQ |d NSD |d OCLCQ |d MUQ |d EYM |d CUS |d DLC |d OCLCQ |d GBVCP |d OCLCQ |d OCLCF |d EUW |d OCLCQ |d DLC |d CUS |d DEBBG |d NLE |d UKMGB |d CGU |d SPIES |d VT2 |d DLC |d WaSeSS | ||
| 042 | |a nsdp |a pcc | ||
| 050 | 0 | 0 | |a QL700 |
| 082 | 1 | 0 | |a 599 |2 13 |
| 210 | 0 | |a Mamm. species |b (Online) | |
| 222 | 0 | |a Mammalian species |b (Online) | |
| 245 | 0 | 0 | |a Mammalian species |h [electronic resource]. |
| 260 | |a [New York] : |b American Society of Mammalogists, |c 1969- | ||
| 260 | 2 | |3 <2002->: |a Lawrence, KS : |b American Society of Mammalogists | |
| 260 | 3 | |3 <2016->: |a [Cary, NC] : |b Oxford University Press | |
| 310 | |a Irregular | ||
| 362 | 0 | |a No. 1 (29 Dec. 1969)- | |
| 500 | |a Title from caption (JSTOR, viewed Sept. 13, 2006). | ||
| 506 | |a License restrictions may limit access. | ||
| 538 | |a Mode of access: World Wide Web. | ||
| 580 | |a Beginning with no. 788 (24 May 2006), issued in online format only. | ||
| 588 | |a Latest issue consulted: Vol. 51, issue 981 (14 October 2019) (oxfordjournals.org website, viewed Nov. 18, 2019). | ||
| 650 | 0 | |a Mammals |v Periodicals. | |
| 650 | 6 | |a Mammifères |v Périodiques. | |
| 650 | 7 | |a Mammals. |2 fast |0 (OCoLC)fst01006948 | |
| 655 | 0 | |a Electronic journals. | |
| 710 | 2 | |a American Society of Mammalogists. | |
| 776 | 0 | 8 | |i Print version: |t Mammalian species |x 0076-3519 |w (DLC) 2004204506 |w (OCoLC)1756570 |
| 780 | 0 | 0 | |t Mammalian species |x 0076-3519 |w (DLC) 2004204506 |w (OCoLC)1756570 |
| 850 | |a DLC | ||
| 856 | 4 | 0 | |z Full text available from Research Library: 07/13/2004 to 12/20/2005 |u https://search.proquest.com/publication/44115 |
| 856 | 4 | 0 | |z Full text available from Research Library: 01/01/2006 to 12/31/2015 |u https://search.proquest.com/publication/39703 |
| 856 | 4 | 0 | |z Full text available from Research Library: 01/01/2017 to 1 year ago |u https://search.proquest.com/publication/39703 |